000 00498nam a2200169 a 4500
001 000036450
005 20240305132925.0
008 120118s1984 cu 000 0 spa d
040 _aDO-SdBNP
_bspa
_cBNPHU
082 _axxxx
_bxxxx
100 1 _aFernández, Pablo Armando,
_d1930-
_923418
245 1 0 _aCampo de amor y de batalla /
_cPablo Armando Fernández.
260 _aLa Habana, :
_bLetras cubanas,
_c1984.
300 _a160 p. ;
_c20 cm.
490 1 _aGiraldilla
830 0 _aGiraldilla
_98904
999 _c35941
_d35941